Základy ekonometrie v příkladech

Saved in:
Bibliographic Details
Main Author: Lejnarová, Šárka
Corporate Author: Vysoká škola ekonomická v Praze. Fakulta informatiky a statistiky
Other Authors: Ráčková, Adéla, Zouhar, Jan
Format: Book
Language:Czech
Published: Praha Vysoká škola ekonomická v Praze. Nakladatelství Oeconomica 2009
Subjects:
Tags: Add Tag
No Tags, Be the first to tag this record!

MARC

LEADER 00000nam$a2200000$$$4500
001 0108010
005 20240223112459.2
020 |a 978-80-245-1564-9 
041 0 |a cze 
044 |a CZ 
245 1 0 |a Základy ekonometrie v příkladech  |c Šárka Lejnarová, Adéla Ráčková, Jan Zouhar 
264 1 |a Praha  |b Vysoká škola ekonomická v Praze. Nakladatelství Oeconomica  |c 2009 
300 |a 276 s. 
610 2 0 |a ekonometria 
610 2 0 |a modelovanie ekonometrické 
610 2 0 |a štatistika 
610 2 0 |a modely regresné 
610 2 0 |a modely lineárne 
610 2 0 |a korelácia 
610 2 0 |a metóda štvorcov najmenších 
610 2 0 |a rovnice simultánne 
610 2 0 |a softvér 
100 1 |a Lejnarová, Šárka 
700 1 |a Ráčková, Adéla 
700 1 |a Zouhar, Jan 
710 2 |a Vysoká škola ekonomická v Praze. Fakulta informatiky a statistiky